00000000nam##2200000za#4500
0019.635421
003CaOODSP
00520250403105334
007cr |||||||||||
008150407|2008||||xxc|||||o    f|0| 0 fre|d
020 |a978-0-662-04133-7
040 |aCaOODSP|bfre
043 |an-cn---
0861 |aCS97-554/2006-001F-HTML
24500|aÉvolution des tendances de l'accession à la propriété et des coûts d'habitation au Canada, Recensement de 2006 - résultats |h[ressource électronique]
260 |aOttawa - Ontario : |bStatistique Canada |c2008.
590 |a12-20-Supp|b2012-05-09
7102 |aStatistique Canada.
77508|tChanging patterns in Canadian homeownership and shelter costs, 2006 Census - findings |w(CaOODSP)9.691086
85640|ahttp://publications.gc.ca|qHTML|sDisponible sur le site web de Statistique Canada|uhttp://www12.statcan.ca/census-recensement/2006/as-sa/97-554/index-fra.cfm?CFID=32334&CFTOKEN=84561162